Derecho de Internet (Record no. 133756)
[ view plain ]
| 000 -LEADER | |
|---|---|
| fixed length control field | 00837cam a2200193 4500 |
| 005 - DATE AND TIME OF LATEST TRANSACTION | |
| control field | 20250905132738.0 |
| 008 - FIXED-LENGTH DATA ELEMENTS--GENERAL INFORMATION | |
| fixed length control field | 051117s2002 ag 000 0 spa u |
| 020 ## - INTERNATIONAL STANDARD BOOK NUMBER | |
| International Standard Book Number | 9875170410 |
| 050 04 - LIBRARY OF CONGRESS CALL NUMBER | |
| Classification number | KHA335.C65 |
| Item number | P37 2002 |
| 100 1# - MAIN ENTRY--PERSONAL NAME | |
| Personal name | Pardini, Aníbal A. |
| 245 10 - TITLE STATEMENT | |
| Title | Derecho de Internet |
| Remainder of title | : Defensa del nombre de dominio, Naturaleza jurídica del e-mail, Protección jurídica de la página web, Prueba tecnológica, Documento digital, Modelos de cláusulas contractuales, Principios fiscales aplicables al comercio electrónico, Seguridad en Internet |
| Statement of responsibility, etc | / Aníbal A. Pardini |
| 250 ## - EDITION STATEMENT | |
| Edition statement | 1a ed. |
| 260 ## - PUBLICATION, DISTRIBUTION, ETC. (IMPRINT) | |
| Place of publication, distribution, etc | Buenos Aires : |
| Name of publisher, distributor, etc | Ediciones La Rocca, |
| Date of publication, distribution, etc | 2002 |
| 300 ## - PHYSICAL DESCRIPTION | |
| Extent | 381 p. ; |
| Dimensions | 23 cm. |
| 504 ## - BIBLIOGRAPHY, ETC. NOTE | |
| Bibliography, etc | Bibliografía: p. 379-381 |
| 506 ## - RESTRICTIONS ON ACCESS NOTE | |
| Terms governing access | Pifi 3.1 |
| 650 #4 - SUBJECT ADDED ENTRY--TOPICAL TERM | |
| Topical term or geographic name as entry element | Internet |
| General subdivision | Derecho |
| -- | Legislación |
| Geographic subdivision | Argentina |
| 942 ## - ADDED ENTRY ELEMENTS (KOHA) | |
| Source of classification or shelving scheme | Biblioteca del Cogreso de los Estados Unidos |
| Koha item type | Libro |
| Estado de pérdida | Fuente de clasificación | Estado del daño | No para préstamo | Ubicación permanente | Ubicación actual | Apartado o colección | Fecha de adquisición | Edición | Área del conocimiento | Clasificación | Código de Barras | Date last seen | Número de copia | Costo por reposición | Tipo de recurso |
|---|---|---|---|---|---|---|---|---|---|---|---|---|---|---|---|
| Biblioteca del Cogreso de los Estados Unidos | Biblioteca de la Facultad de Derecho y Ciencias Sociales "Felipe J. Tena" | Biblioteca de la Facultad de Derecho y Ciencias Sociales "Felipe J. Tena" | General | 21/11/2019 | 1a ed. | Ciencias Sociales y Administrativas | KHA335.C65 P37 2002 | BFD000011871 | 21/11/2019 | 1 | 1.00 | Libro |